Guia Autodidacta para la alimentacion de ganado y aves de corral / (Record no. 7054)

000 -CABECERA
fixed length control field 00889nam a22002057a 4500
003 - IDENTIFICADOR DEL NÚMERO DE CONTROL
control field AR-CdUCM
008 - DATOS DE LONGITUD FIJA--INFORMACIÓN GENERAL
fixed length control field 190319b ||||| |||| 00| 0 sp d
040 ## - FUENTE DE LA CATALOGACIÓN
Agencia/entidad que catalogó originalmente la obra MUNICIPALIDAD PROVINCIAL DEL CUSCO
Entidad que transcribió la catalogación BIBLIOTECA MUNICIPAL DEL CUSCO
082 ## - NÚMERO DE LA CLASIFICACIÓN DECIMAL DEWEY
No. de Clasificación 636.084 /
Notacion interna B81
100 ## - ENTRADA PRINCIPAL--NOMBRE DE PERSONA
Nombre Personal Brakensiek ,D J. Phipps
245 ## - MENCIÓN DE TÍTULO
Título Guia Autodidacta para la alimentacion de ganado y aves de corral /
260 ## - PUBLICACIÓN, DISTRIBUCIÓN, ETC.
Lugar de publicación, distribución, etc. Uruguay :
Nombre de la editorial, distribuidor, etc. Hemisferio Sur ,
300 ## - DESCRIPCIÓN FÍSICA
Nº de Páginas Extensión 163 páginas ;
Dimensiones 20.4 cm.
505 ## - NOTA DE CONTENIDO CON FORMATO
Nota de contenido formateada Contenido : Sugerencias para los docentes -- Sugerencias para los estudiantes -- Formas de emplear el libro -- Seleccion de Alimentos -- Alimentacion de cerdos -- Alimentacion de ganado vacuno para carne -- Alimentacion de ganado lechero...
650 ## - PUNTO DE ACCESO ADICIONAL DE MATERIA--TÉRMINO DE MATERIA
Descriptor Autodidactica
9 (RLIN) 15067
650 ## - PUNTO DE ACCESO ADICIONAL DE MATERIA--TÉRMINO DE MATERIA
Descriptor Alimentacion de Ganado
9 (RLIN) 19873
650 ## - PUNTO DE ACCESO ADICIONAL DE MATERIA--TÉRMINO DE MATERIA
Descriptor Dietetica Alimentaria
9 (RLIN) 19874
942 ## - ELEMENTOS DE PUNTO DE ACCESO ADICIONAL (KOHA)
Fuente de clasificación
Tipo de item Libros-BMC
945 ## - PROCESAMIENTO DE INFORMACIÓN LOCAL (OCLC)
Catalogador rtm
Holdings
Estado de retiro (separado) Fuente de clasificación o esquema de estanterías Estado dañado Ubicación Sala donde se ubica Nombre de la colección Fecha de adquisición o compra Costo, precio normal en soles Signatura topográfica Código de Barras Última vez visto (Koha) Tipo de ítem (Koha)
No     Sala Ciencias Sala Ciencias Book Cart 2019-03-19 10.00 636.084 / B81 SC0000000242 2019-03-19 Libros-BMC

Powered by Koha